| 000 | 00853 a2200241 4500 | ||
|---|---|---|---|
| 003 | Nust | ||
| 005 | 20230202130733.0 | ||
| 010 | _a 93930520 | ||
| 020 | _a0195774477 | ||
| 040 | _cNust | ||
| 082 | _a923.5,KHA | ||
| 100 | 1 |
_aKhan, Gul Hassan, _9108488 |
|
| 245 | 1 | 0 | _aMemoirs of Lt. Gen. Gul Hassan Khan / |
| 250 | _a1st ed. | ||
| 260 |
_aKarachi : _bOxford University Press, _c1993. |
||
| 300 |
_axii, 438 p. : _bill. ; _c23 cm. |
||
| 505 | _aCarefree Days (Page-1),The Fateful Posting (Page-102), The End Of An Era (Page-235),The Inevitable (Page-346). | ||
| 600 | 1 | 0 |
_aKhan, Gul Hassan, _d1921- _9108489 |
| 650 | 0 |
_aGenerals _zPakistan _xBiography. |
|
| 740 | 0 | _aMemoirs of Lieutenant General Gul Hassan Khan. | |
| 856 | 4 | 2 |
_3Publisher description _uhttp://www.loc.gov/catdir/enhancements/fy0639/93930520-d.html |
| 942 |
_2ddc _cBK _k923.5,KHA |
||
| 999 |
_c186965 _d186965 |
||